| 000 | 00725nam a2200241 u 4500 | ||
|---|---|---|---|
| 005 | 20240228064153.0 | ||
| 008 | 141021s2008 r 000 0 eng d | ||
| 020 | _a1432905538 (10 dígitos) | ||
| 020 | _a9781432905538 (13 dígitos) | ||
| 035 | _aUPN01000200451 | ||
| 049 | _aI | ||
| 050 | 4 |
_aQL950.8 _bL4.2 |
|
| 100 | 1 |
_aLeake, Diyan _936426 |
|
| 245 | 1 | 0 |
_aAlas / _cDiyan Leake. |
| 260 |
_aIllinois, EUA : _bHeinemann, _c2008. |
||
| 300 |
_a24 p. : _bprincipalmente il. col. |
||
| 440 | 0 |
_a¡Encuentra las diferencias!. _pBellota |
|
| 534 |
_pTítulo original: _tWings |
||
| 650 | 4 |
_aALAS - _vLITERATURA INFANTIL _911053 |
|
| 650 | 4 |
_aLibros y lectura para niños _92290 |
|
| 905 | _aInfantil | ||
| 999 |
_c172552 _d172552 |
||